Quizzes
Events
Quiz Creation
Community
Videos
Private Events
Remove Ads
Sign In
Join for FREE
Feedback
Dark Mode
Quiz Categories
Sports
Geography
Music
Movies
Television
Just For Fun
Miscellaneous
History
Literature
Language
Science
Gaming
Entertainment
Religion
Holiday
For Kids
Quiz Lab
Recent
Popular Today
Quiz Kudos Today
Editor Picks
Curator Picks
Quizzes by...
Day
Popularity
Type
Ratings
Length
Year
Community
Subscriptions
Recent Discussions
Orange Saloon
Badges
Playlists
Quests
Create
Leaderboards
Showdown
Live 5
Trivia Bingo
Activity
Puzzle Library
Sporcle Events
Private Events
Virtual Trivia
Globe League
Become a Host
Pub Owners
SporcleCon
Opinionation
Our Games
Videos
Blog
Mobile Apps
Partnerships
Remove Ads and Go Orange
Feedback
Geography
Country
Landmarks
City
State
Population
World
Capital
Continent
Flags
Europe
Africa
Asia
South America
North America
Oceania
Border
Canada
United Kingdom
Topography
United States
Geography
Country
Landmarks
City
State
Population
World
Capital
Continent
Flags
Europe
Africa
Asia
South America
North America
Oceania
Border
Canada
United Kingdom
Topography
United States
Random Quiz
Search Sporcle
×
Quiz Lab
Quiz Lab
Geography
City
Type in answers that appear in a list
Type in answers that appear in a list
Classic
Best Score? Go Orange.
Guess the U.S City by Clue Stats
Can you name the Guess the U.S City by Clue?
By
sammetsfan
3m
24 Questions
1,723 Plays
1,723 Plays
1,723 Plays
Comments
Comments
Give Quiz Kudos
Give Quiz Kudos
-
- Ratings
hide this ad
Replay
Link that replays current quiz
Next Quiz
Link to next quiz in quiz playlist
You Got
0%
They Got
Avg Score
64%
Avg Friend Score
Upgrade to see
Score Distribution
Jump to the score distribution portion of the page
Score
0/24
Timer
03:00
0
Plays Today
Clue
U.S City
% Correct
Known as 'The City That Never Sleeps'
New York City, New York
98.7%
Where Michael Jordan Rose to International Fame
Chicago, Illinois
91.7%
Known As 'The Mile High City'
Denver, Colorado
88%
Known for Large Cuban & Haitian Populations
Miami, Florida
87.2%
The Most Populous City in The Second Largest (by Size) State
Houston, Texas
83.9%
Known as 'The Alamo City'
San Antonio, Texas
80.4%
Across the Bay from San Francisco
Oakland, California
79.7%
Home of The Flyers
Philadelphia, Pennsylvania
75.8%
Home of the Most Powerful People in America
Washington D.C
75.6%
Where Sports Fanatics & Elite Colleges Live
Boston, Massachusetts
71.9%
The Bigger of the So-
Called Twin Cities
Minneapolis, Minnesota
71.2%
Known for Sourdough Bread & Gay Pride
San Francisco, California
70.3%
Clue
U.S City
% Correct
Home of the Best National League Team in Baseball History
St. Louis, Missouri
69.8%
White River flows through this city known for a major racecar event
Indianapolis, Indiana
66.7%
Home of the Rock & Roll Hall of Fame
Cleveland, Ohio
65.5%
City that Stands as a Symbol of the Recession
Detroit, Michigan
63.4%
Black And Yellow! This City Has The Most Bridges & The Most Bars
Pittsburgh, Pennsylvania
59.6%
Known for Creating A Special Type of Chicken Wings
Buffalo, New York
58.8%
Home of Parades and Celebrations
New Orleans, Louisiana
53.3%
Referred to as 'The Queen City'
Cincinnati, Ohio
39.3%
The Bluff City on the Mississippi River
Memphis, Tennessee
38.1%
The Largest City by Area in the Contiguous United States
Jacksonville, Florida
29.9%
Referred to as the Beer Capital & The Meth Capital of the World
Portland, Oregon
23.2%
Home of the Olympic Committee, Here is Where the President Would Go If the U.S was Nuked
Colorado Springs, Colorado
12%
Quiz Playlist
Details
Report
Send in Message
Add To Playlist
Classic:
Type in answers that appear in a list
Last Updated: Feb 16, 2017
Quiz Scoreboard
CHALLENGE
Sign Up to Join the Scoreboard
Show All
Scores
Hide
Comments
May contain spoilers
Recently Published
9x9 Crossword: Cartoon Network
by jackfrog10
Miscellaneous
3m
College Basketball Coaching Resumes
by pancakes188
Sports
9m
Billboard Blitz: Fleetwood Mac
by CooCooCachoo
Music
15s
More to Explore
Quiz From the Vault
Featured Blog Post
Where Did the Easter Bunny Come From?
hide this ad
You Might Also Like...
Tags
City Quiz
US City
Today's Top Quizzes in Geography
Browse Geography
hide this ad
Today's Top Quizzes in City
Browse City
Top Contributed Quizzes in Geography
1
Countries of the World - No Outlines Minefield
2
Top 25 Cities of France on a map
3
Any capital of a 'B' country per Continent
4
Any capital of a 'C' country per Continent
5
Closest Countries to UK A-Z
6
Any capital of a 'D' country per Continent
7
5-to-1: US Geography No Hints
8
Any capital of an 'E' country per Continent
9
Find the US States - No Outlines
10
Any capital of an 'F' country per Continent
Explore More
Trending Topics
Kpop
Harry Potter
Crossword
NBA
Disney
Marvel
Anime
Pokémon
The Office
Song
WWE
Soccer
NFL
Puzzle
Country
hide this ad
More By:
sammetsfan
Quiz
Plays
Rating
Category
Featured
Created
MLB Top Stadiums by Attendance (2011)
68,051
3.57
Sports
Sep 27, 2011
Top 10 NBA Teams by Attendance (2010)
7,922
4.24
Sports
Sep 27, 2010
Most Conservative & Most Liberal US Cities w/ 100,000+ Ppl
4,576
3.80
Geography
Nov 22, 2011
Top 10 NBA Teams by Home Attendance (2008)
4,494
4.18
Sports
Dec 8, 2009
2009 Top 10 MLB Stadiums by Attendance
2,190
3.56
Sports
Nov 5, 2009
Go to Creator's Profile
Score Distribution
Quiz Creator Spotlight
sammetsfan
Follow
Send a Message
Quizzes Created
-
Created Quiz Play Count
-
More By This Creator
Popular Quizzes Today
1
Find the US States - No Outlines Minefield
2
Find the Countries of Europe - No Outlines Minefield
3
The Countries of the World
4
Find the US States
5
Risky Map Clicking: Biggest States A-Z
6
US States
7
Popular People in 1961
8
Movies - When Are They Set?
More Geography Quizzes
Pixel Art - European Flag #22
Quiz Lab
Trending Quizzes
Risky Map Clicking: Least Populous States A-Z
1-10 Letter G Words
1-10 Letter F Words
Risky Map Clicking: Next State Alphabetically
Adjectives in 80s TV Shows
Recently Updated
Leaping Animals
pecheneg
Reality TV Shows (A-Z)
bhenderson79
Rickey Henderson's Hall of Fame Teammates
pecheneg
Champions League XIs: Arsenal
pecheneg
Quick Pick: Celebrities in WWE's Hall of Fame
aduchscher
A-Z Keypad Blitz II
pecheneg
Multiple Oscar Actors
pecheneg
Mystery Phrase Blitz: Oscar 'Best Actors'
pecheneg
F. Scott Fitzgerald Novels
LTH
Pick 3 Villains
ddd62291
Trending Topics
Kpop
Harry Potter
Marvel
NBA
Crossword
Anime
Disney
WWE
Soccer
Song
Pokémon
The Office
NFL
Country
Puzzle
Your Account Isn't Verified!
In order to create a playlist on Sporcle, you need to verify the email address you used during registration. Go to your
Sporcle Settings
to finish the process.
Report this User
Report this user for behavior that violates our
Community Guidelines
.
Details:
Send Report
Go to the Sporcle.com Mobile Site →
Comments